000
00320nam a2200133Ia 4500
005
20260328104308.0
008
260328s9999||||xx |||||||||||||| ||und||
100
_a
Uffelen Van, Chris
245
0
_a
Toy Design /
_c
Chris Uffelen Van
260
_b
Braun
300
_a
239 p.
650
_a
DISEÑO INDUSTRIAL
942
_c
BK
999
_c
10840
_d
10840